[Event "AUTO-OPEN-2545"]
[Site "http://www.queenalice.com/game.php?id=1010446"]
[Date "2011.11.20"]
[Round "1"]
[White "lightwhitelight"]
[Black "flajoao123"]
[Result "0-1"]
[WhiteElo "2102"]
[BlackElo "2488"]

1. e4 c5 2. Nf3 d6 3. d4 cxd4 4. Nxd4 Nf6 5. Nc3 a6 6. Be3 Ng4 7. Bg5 h6 8. Bh4
g5 9. Bg3 Bg7 10. Be2 h5 11. Bxg4 Bxg4 12. f3 Bd7 13. O-O Nc6 14. Bf2 h4 15. Qd2
h3 16. Nxc6 bxc6 17. g4 Qa5 18. Bd4 Be5 19. a3 f6 20. b4 Bxd4+ 21. Qxd4 Qc7 22.
Rad1 a5 23. Ne2 Kf7 24. c4 axb4 25. axb4 Be6 26. Ra1 c5 27. bxc5 dxc5 28. Qc3
Rhb8 29. Rxa8 Rxa8 30. Rc1 Ra2 31. Qd3 Qe5 32. Rc2 Qa1+ 33. Nc1 Rxc2 34. Qxc2
Qd4+ 35. Qf2 Bxc4 36. Qxd4 cxd4 37. Kf2 Ke6 38. Ne2 Bxe2 39. Kxe2 Ke5 0-1

[Event "AUTO-OPEN-2545"]
[Site "http://www.queenalice.com/game.php?id=1010447"]
[Date "2011.11.20"]
[Round "1"]
[White "flajoao123"]
[Black "lightwhitelight"]
[Result "1-0"]
[WhiteElo "2464"]
[BlackElo "2102"]

1. d4 d5 2. c4 e6 3. Nf3 Nf6 4. Nc3 Be7 5. Bf4 O-O 6. e3 c5 7. dxc5 dxc4 8. Bxc4
Bxc5 9. O-O Nc6 10. Qc2 Nh5 11. Bg5 Be7 12. Rfd1 Qe8 13. Nb5 Nb4 14. Qe2 Na6 15.
e4 h6 16. Bd2 Nf6 17. Rac1 Bd7 18. Bf4 Bc6 19. Nd6 Qb8 20. Nf5 Qe8 21. Nxe7+
Qxe7 22. Bxa6 Rfd8 23. Bd3 1-0

[Event "AUTO-MASTER-1587"]
[Site "http://www.queenalice.com/game.php?id=1028818"]
[Date "2012.2.11"]
[Round "1"]
[White "valdiluis"]
[Black "lightwhitelight"]
[Result "1-0"]
[WhiteElo "1901"]
[BlackElo "2129"]

1. d4 Nf6 2. Bg5 e6 3. e4 Be7 4. Bd3 h6 5. Bxf6 Bxf6 6. Nf3 O-O 7. e5 Be7 8. O-O
c5 9. Nc3 cxd4 10. Nxd4 a6 11. Qg4 Qc7 12. f4 b5 13. Rad1 Bc5 14. Be4 Bb7 15.
Bxb7 Qxb7 16. Kh1 Bxd4 17. Rxd4 Nc6 18. Rd3 Rad8 19. Ne4 Kh7 20. Rh3 f5 21. exf6
d5 22. Ng5+ Kg8 23. Qxe6+ Kh8 24. fxg7+ Qxg7 25. Rxh6+ 1-0

[Event "AUTO-MASTER-1587"]
[Site "http://www.queenalice.com/game.php?id=1028819"]
[Date "2012.2.11"]
[Round "1"]
[White "lightwhitelight"]
[Black "valdiluis"]
[Result "1-0"]
[WhiteElo "2110"]
[BlackElo "1978"]

1. e4 e5 2. Bc4 d6 3. Nc3 Nc6 4. d3 Be6 5. Bb5 Be7 6. Nge2 Nf6 7. O-O O-O 8.
Bxc6 bxc6 9. Ng3 Qd7 10. f4 Rab8 11. f5 Ne8 12. fxe6 Qxe6 13. b3 d5 14. Nf5 Bc5+
15. Kh1 dxe4 16. Nxe4 Bd6 17. Be3 f6 18. Qg4 Qc8 19. Nc5 g6 20. Nd7 Ng7 21. Nxg7
Kxg7 22. Nxb8 Qxb8 23. Qd7+ Rf7 24. Bh6+ Kg8 25. Qxc6 g5 26. Qd5 Qd8 27. Bxg5
Kg7 28. Bh4 Qe7 29. Rf3 Kh8 30. Raf1 c6 31. Qxc6 Kg7 32. Qc8 e4 33. Qg4+ Kf8 34.
dxe4 Rg7 35. Rxf6+ Kg8 36. Qc8+ 1-0

[Event "AUTO-MASTER-1587"]
[Site "http://www.queenalice.com/game.php?id=1028838"]
[Date "2012.2.11"]
[Round "1"]
[White "lightwhitelight"]
[Black "PasoDoble"]
[Result "0-1"]
[WhiteElo "2110"]
[BlackElo "2159"]

1. e4 e6 2. d4 d5 3. Bd3 dxe4 4. Bxe4 Nf6 5. Bf3 c5 6. Be3 cxd4 7. Qxd4 Qxd4 8.
Bxd4 Nc6 9. Bc3 Bd7 10. a3 O-O-O 11. Nd2 Nd5 12. Ne2 Nxc3 13. Nxc3 Nd4 14. O-O-O
Be7 15. h4 f5 16. g3 Nxf3 17. Nxf3 Bc6 18. Ne5 Bxh1 19. Rxh1 Rhf8 20. f4 Bf6 21.
Re1 Rfe8 22. Re3 Bxe5 23. Rxe5 Rd7 24. Re3 e5 25. Nb5 a6 26. Nc3 e4 27. Na4 Rd6
28. Rb3 e3 0-1

[Event "AUTO-MASTER-1587"]
[Site "http://www.queenalice.com/game.php?id=1028839"]
[Date "2012.2.11"]
[Round "1"]
[White "PasoDoble"]
[Black "lightwhitelight"]
[Result "1-0"]
[WhiteElo "2139"]
[BlackElo "2129"]

1. d4 Nf6 2. c4 e6 3. g3 Bb4+ 4. Bd2 c5 5. Bxb4 cxb4 6. Bg2 O-O 7. Nf3 d5 8.
Nbd2 Nc6 9. O-O Rb8 10. Qc2 b6 11. cxd5 Qxd5 12. e4 Nxd4 13. Qxc8 Ne2+ 14. Kh1
Qxd2 15. Qxf8+ 1-0

[Event "noroc"]
[Site "http://www.queenalice.com/game.php?id=1031382"]
[Date "2012.2.20"]
[Round "1"]
[White "Fauquinelle"]
[Black "lightwhitelight"]
[Result "0-1"]
[WhiteElo "1955"]
[BlackElo "2139"]

1. c4 e6 2. g3 Nf6 3. Bg2 c5 4. Nc3 Nc6 5. Nf3 Be7 6. O-O O-O 7. d4 d5 8. dxc5
dxc4 9. Qxd8 Rxd8 10. Be3 Ng4 11. Rfd1 Rxd1+ 12. Rxd1 Nxe3 13. fxe3 Bxc5 14. Kf2
Kf8 15. Nd4 Ne5 16. Ne4 Be7 17. Rc1 Bd7 18. Nf3 Ng4+ 19. Ke1 Nxe3 20. Bh1 Rc8
21. a3 b5 22. h3 h6 23. Ne5 Be8 24. Kf2 Nd5 25. Nc3 Nxc3 26. Rxc3 Rc7 27. Ng4 b4
28. axb4 Bxb4 29. Rc1 c3 30. bxc3 Rxc3 31. Rxc3 Bxc3 32. Be4 f5 0-1

[Event "noroc"]
[Site "http://www.queenalice.com/game.php?id=1050294"]
[Date "2012.4.19"]
[Round "2"]
[White "Rafvanmar"]
[Black "lightwhitelight"]
[Result "1-0"]
[WhiteElo "2442"]
[BlackElo "2146"]

1. d4 d5 2. c4 e6 3. Nc3 Nf6 4. Nf3 Be7 5. Bg5 O-O 6. e3 h6 7. Bh4 Nbd7 8. Rc1
c6 9. Qc2 Re8 10. cxd5 exd5 11. Bd3 Nf8 12. O-O Bg4 13. Ne5 Bh5 14. Bf5 N6d7 15.
Bxe7 Qxe7 16. Nxd7 Nxd7 17. g4 Bxg4 18. Bxg4 Nf8 19. Kh1 Nh7 20. Rg1 Ng5 21. Bf5
Rad8 22. Rg3 Rd6 23. Rcg1 Qf6 24. h4 Ne6 25. Bxe6 Qxe6 26. Rxg7+ Kf8 27. R1g3
Qf6 28. Nb5 Qxh4+ 29. Kg2 cxb5 30. Rg8+ Ke7 31. Qc7+ 1-0

[Event "AUTO-MASTER-1633"]
[Site "http://www.queenalice.com/game.php?id=1050712"]
[Date "2012.4.20"]
[Round "1"]
[White "lightwhitelight"]
[Black "leclair"]
[Result "1-0"]
[WhiteElo "2120"]
[BlackElo "1980"]

1. e4 c5 2. Nc3 e6 3. f4 a6 4. Nf3 d5 5. d3 d4 6. Ne2 Nf6 7. Ne5 Nbd7 8. Ng3
Nxe5 9. fxe5 Nd7 10. Qh5 g6 11. Qg5 Qxg5 12. Bxg5 Bg7 13. Be2 Nxe5 14. O-O O-O
15. Rab1 b5 16. Be7 c4 17. Bxf8 Bxf8 18. Nh1 Bh6 19. Nf2 Be3 20. Kh1 a5 21. a3
Ba6 22. h3 Rc8 23. Kh2 Kg7 24. g4 g5 25. Kg2 h6 26. Rfd1 Ng6 27. dxc4 bxc4 28.
Kf1 Nf4 29. b4 axb4 30. Rxb4 Kf6 31. Rdb1 d3 32. cxd3 cxd3 33. e5+ Kxe5 34. Rxf4
gxf4 35. Nxd3+ Bxd3 36. Bxd3 Rc3 37. Rb5+ Kf6 38. Ke2 Rxa3 39. Rh5 Kg7 40. Rb5
Ra2+ 41. Kf3 Rh2 42. Rh5 f6 43. Bc4 e5 44. Bd3 Bc5 45. Bb5 Bf8 46. Be8 Rd2 47.
Bc6 Kf7 48. Be4 Ke7 49. h4 Rh2 50. Bg6 Kd6 51. Ke4 Re2+ 52. Kf3 Re3+ 53. Kf2 Rh3
54. Bf5 Kd5 55. g5 fxg5 56. Bxh3 1-0

[Event "AUTO-MASTER-1633"]
[Site "http://www.queenalice.com/game.php?id=1050713"]
[Date "2012.4.20"]
[Round "1"]
[White "leclair"]
[Black "lightwhitelight"]
[Result "0-1"]
[WhiteElo "2060"]
[BlackElo "2147"]

1. d4 d5 2. c4 e6 3. Nc3 Nf6 4. Bg5 Be7 5. cxd5 exd5 6. e3 O-O 7. Bd3 c6 8. Qc2
h6 9. Bh4 a5 10. Nge2 Na6 11. a3 b5 12. O-O Bb7 13. f3 b4 14. Na4 Nd7 15. Bg3 c5
16. e4 c4 17. Bxc4 dxc4 18. Qxc4 Rc8 19. Qd3 Ndc5 20. Nxc5 Nxc5 21. Qe3 Ne6 22.
d5 Bc5 0-1

[Event "AUTO-MASTER-1633"]
[Site "http://www.queenalice.com/game.php?id=1050714"]
[Date "2012.4.20"]
[Round "1"]
[White "lightwhitelight"]
[Black "Flamengo_Brasil"]
[Result "0-1"]
[WhiteElo "2128"]
[BlackElo "2117"]

1. e4 c5 2. Nf3 d6 3. d4 cxd4 4. Nxd4 Nf6 5. Nc3 g6 6. f3 e5 7. Nb3 Nc6 8. Be3
Be6 9. Be2 d5 10. Bc5 d4 11. Bxf8 Rxf8 12. Nb1 Qb6 13. N1d2 O-O-O 14. Nc4 Bxc4
15. Bxc4 Qb4+ 16. Nd2 Qxb2 17. Rb1 Qa3 18. O-O Qe3+ 19. Kh1 Kb8 20. Ba6 Rd7 21.
Nc4 Qf4 22. Qe1 Rc8 23. Na5 Nxa5 24. Qxa5 Ka8 25. Bxb7+ Rxb7 26. Rxb7 Kxb7 27.
Rb1+ Kc6 28. Qa6+ Kd7 29. Rb7+ Ke8 30. Qa3 Nd7 31. g3 Qd2 32. Rxa7 Qf2 33. Qa6
Qxf3+ 34. Kg1 Qe3+ 35. Kf1 Qc1+ 36. Kg2 Rxc2+ 0-1

[Event "AUTO-MASTER-1633"]
[Site "http://www.queenalice.com/game.php?id=1050715"]
[Date "2012.4.20"]
[Round "1"]
[White "Flamengo_Brasil"]
[Black "lightwhitelight"]
[Result "1-0"]
[WhiteElo "2063"]
[BlackElo "2134"]

1. e4 e5 2. Nf3 Nc6 3. Bc4 Bc5 4. d3 Nf6 5. c3 a6 6. O-O d6 7. d4 Ba7 8. dxe5
Nxe5 9. Nxe5 dxe5 10. Qxd8+ Kxd8 11. Bg5 Ke7 12. Nd2 h6 13. Bh4 Be6 14. Bxe6
Kxe6 15. Rad1 Rad8 16. Bxf6 gxf6 17. Nc4 b6 18. Ne3 c6 19. Nf5 Rd7 20. Rxd7 Kxd7
21. Rd1+ Kc7 22. Kf1 h5 23. Rd6 b5 24. Rxf6 Rd8 25. Rxf7+ Kb8 26. Ne7 Rd6 27.
Rh7 a5 28. Ke2 Rf6 29. Nf5 Rg6 30. g3 1-0

[Event "AUTO-OPEN-2664"]
[Site "http://www.queenalice.com/game.php?id=1050790"]
[Date "2012.4.20"]
[Round "1"]
[White "lightwhitelight"]
[Black "chein"]
[Result "0-1"]
[WhiteElo "2152"]
[BlackElo "2353"]

1. e4 e6 2. d4 d5 3. exd5 exd5 4. Nf3 Bd6 5. Nbd2 Nc6 6. a3 Bf5 7. c4 Nf6 8. Be2
O-O 9. O-O Re8 10. b4 dxc4 11. Bxc4 a6 12. Bb2 Qd7 13. Nb3 b5 14. Bd3 Nd5 15.
Nc5 Bxc5 16. Bxf5 Qxf5 17. dxc5 Nf4 18. Nh4 Qe4 19. Kh1 Nd3 20. Bc3 Rad8 21. Qf3
Qxh4 22. Qxc6 Qc4 23. Bd2 Ne5 24. Qxc7 Rxd2 25. Rfd1 Rxd1+ 26. Rxd1 Qe2 27. Qd6
Ng4 28. g3 Qf3+ 0-1

[Event "AUTO-OPEN-2664"]
[Site "http://www.queenalice.com/game.php?id=1050791"]
[Date "2012.4.20"]
[Round "1"]
[White "chein"]
[Black "lightwhitelight"]
[Result "1-0"]
[WhiteElo "2349"]
[BlackElo "2158"]

1. d4 d5 2. c4 e6 3. Nc3 Nf6 4. Bg5 Be7 5. e3 h6 6. Bxf6 Bxf6 7. Nf3 O-O 8. Be2
Nc6 9. O-O dxc4 10. Bxc4 Ne7 11. Ne4 Nd5 12. Nxf6+ Nxf6 13. Rc1 c6 14. Ne5 Nd7
15. f4 a5 16. Rf3 Nxe5 17. fxe5 b5 18. Bd3 Bd7 19. Rf4 Qg5 20. Qf3 Rac8 21. h4
Qe7 22. h5 Qb4 23. Qe4 f5 24. exf6 Rxf6 25. Rxf6 gxf6 26. Qh7+ Kf8 27. Bg6 Be8
28. Rf1 f5 29. Bxf5 1-0

[Event "noroc"]
[Site "http://www.queenalice.com/game.php?id=1113609"]
[Date "2012.10.18"]
[Round "4"]
[White "lightwhitelight"]
[Black "Lucius1"]
[Result "0-1"]
[WhiteElo "2125"]
[BlackElo "2298"]

1. e4 b6 2. Nc3 Bb7 3. Nf3 c5 4. d4 cxd4 5. Nxd4 a6 6. Bd3 d6 7. O-O Nf6 8. Be3
g6 9. Qd2 Bg7 10. f3 Qc7 11. Rac1 O-O 12. a3 Nbd7 13. b4 b5 14. Nce2 d5 15. exd5
Bxd5 16. Kh1 e5 17. Nb3 e4 18. fxe4 Nxe4 19. Qe1 Bb2 20. Rb1 Bxa3 21. Bd4 Qd6
22. c3 Ne5 23. Bxe4 Bxe4 24. Bxe5 Qxe5 25. Ng3 f5 26. Nc5 a5 27. Ncxe4 fxe4 28.
Rxf8+ Rxf8 29. Qxe4 Qxe4 30. Nxe4 a4 31. Kg1 Rf5 32. h3 h5 33. g4 Rf3 34. Kg2
Re3 35. Nf6+ Kf7 36. Nd5 Re5 37. Nf4 g5 38. Nxh5 Re2+ 39. Kf3 Rc2 40. Ng3 Rxc3+
41. Kf2 Rb3 0-1